| 000 | 00000nas 2200000za 4500 |
| 001 | 9.822313 |
| 003 | CaOODSP |
| 005 | 20221107143647 |
| 007 | cr ||||||||||| |
| 008 | 160809d19001917onc x p oss f0###a0eng|d |
| 040 | |aCaOODSP|beng |
| 043 | |an-cn--- |
| 086 | 1 |aCS4-1E-PDF |
| 245 | 00|aMonthly reports of the Department of Trade and Commerce of Canada for the year ended ... |h[electronic resource]. |
| 246 | 13|aMonthly reports of the Department of Trade and Commerce of Canada for the fiscal year ended ... |
| 260 | |aOttawa : |bGovernment Printing Bureau, |c[1901]-1917. |
| 310 | |aIrregular (consolidated monthly reports) |
| 362 | 0 |aJune 31, 1901-March 31, 1917. |
| 500 | |aDigitized edition from print [produced by Statistics Canada]. |
| 692 | 07|2gccst|aTrade |
| 710 | 1 |aCanada.|bDept. of Trade and Commerce. |